000 00379 a2200169 4500
001 155333
020 _a9788516099822
040 _cEscola São Tomás de Aquino
100 _aBIANCHINE, Edwaldo
240 1 0 _aMatemática Bianchini
_lpor
245 1 0 _aMatemática Bianchini
300 _a296
362 0 _a2015
440 1 _aModerna
697 _aMATEMÁTICA
942 _cBK
999 _c155333
_d155333